| 000 | 00326nam a22001217a 4500 | ||
|---|---|---|---|
| 040 | _cNust | ||
| 082 |
_a620.106 _bROB |
||
| 100 |
_aJohn A. Roberson _9125650 |
||
| 245 | _aEngineering Fluids mechanics | ||
| 260 |
_aBombay: _bJaico Publishing House: _c1993. |
||
| 650 |
_aEngineering Fluids mechanics _9126448 |
||
| 942 |
_2ddc _cBK |
||
| 999 |
_c612132 _d612132 |
||